LA LITERATURA DEL DIA (1900-1903) /

Guardado en:
Detalles Bibliográficos
Autor principal: González Serrano, Urbano (autor)
Formato: Libro
Colección:BIBLIOTECA DE ESCRITORES CONTEMPORANEOS ; 1
Temas:
Etiquetas: Agrega una etiqueta
Sin etiquetas, Sé el primero en etiquetar este registro!

MARC

LEADER 00000nam^a2200000^a^4500
001 000234852
005 20250521000000.0
009 20260310104741.439
035 |a 057732 
037 |a Acervo Xavier Clavigero 
082 |a 800.  |b GON 
100 |a González Serrano, Urbano  |e (autor) 
245 1 3 |a LA LITERATURA DEL DIA (1900-1903) /  |c U. GONZALEZ SERRANO 
264 |a BARCELONA :  |b HENRICH Y CIA.,  |c 1903 
300 |a 249 p. 
336 |a texto  |b txt  |2 rdacontenido 
337 |a sin mediación  |b n  |2 rdamedio 
338 |a volumen  |b nc  |2 rdasoporte 
440 |a BIBLIOTECA DE ESCRITORES CONTEMPORANEOS ;  |v 1 
649 |a XX 
650 |a Literatura 
650 |a Literatura -  |x Historia y Crítica 
910 |a Fondo General 
920 |a Impresos - Libros 
930 |a Colección General 
940 |a Literatura 
905 |a 101 
901 |a 057732  |b IT1  |c LIT  |i 057732  |u 20250521 
902 |a https://opac.biblio.iteso.mx/vufind/Record/000234852